000 00888namaa2200289 a 4500
001 vtls001304259
003 NLI
005 20210627043951.0
008 120418s1981 dcu i000 0 eng
039 9 _y201204181932
_zVLOAD
040 0 _aNLI
_cVTLS-2012_FOD
_eAACR2
041 0 _aeng
044 _adcu
082 0 4 _a614.43
110 1 _aUnited States.
_bOffice Technology Assesssment
_9726608
245 1 4 _aThe implications of cost-effectiveness analysis of medical technology
260 _aWashington, D.C. :
_bUnited States Government Printing Office,
_c1981
300 _aVarious pagings ;
_c30 cm.
500 _aCover title
650 0 _aWaterborne infection
_9726609
650 0 _aVector control
_9726610
887 _a
901 _aAD 130538
_b22.10.2010
902 _aU.S 614.43 Un 3 i
949 _AVIRTUAITEM
_D10000
_X100
_6ADX000130538ENG
942 _2ddc
_cBKS
999 _c596991
_d596991